Logistical management : a systems integration of physical distribution, manufacturing support, and materials procurement / (Record no. 49482)

MARC details
000 -LEADER
fixed length control field 00843nam a2200229 a 4500
008 - FIXED-LENGTH DATA ELEMENTS--GENERAL INFORMATION
fixed length control field 120416s1986 ||||||||||||||||| || u
020 ## - INTERNATIONAL STANDARD BOOK NUMBER
International Standard Book Number 0023130903
050 ## - LIBRARY OF CONGRESS CALL NUMBER
Classification number HF 5415.7 Bow
100 ## - MAIN ENTRY--PERSONAL NAME
Personal name Helferich, Omar Keith
245 10 - TITLE STATEMENT
Title Logistical management : a systems integration of physical distribution, manufacturing support, and materials procurement /
250 ## - EDITION STATEMENT
Edition statement 3rd ed.
260 ## - PUBLICATION, DISTRIBUTION, ETC.
Place of publication, distribution, etc. New York:
Name of publisher, distributor, etc. Macmillan
Date of publication, distribution, etc. 1986
300 ## - PHYSICAL DESCRIPTION
Extent xxii, 586p : ill.
350 ## - PRICE (NR) (BK AM CF MU VM SE) [OBSOLETE]
Price 0.00
500 ## - GENERAL NOTE
General note Bibliography
650 ## - SUBJECT ADDED ENTRY--TOPICAL TERM
Topical term or geographic name entry element PHYSICAL DISTRIBUTION OF GOODS--MANAGEMENT
650 ## - SUBJECT ADDED ENTRY--TOPICAL TERM
Topical term or geographic name entry element MATERIALS MANAGEMENT
650 #0 - SUBJECT ADDED ENTRY--TOPICAL TERM
Topical term or geographic name entry element MATERIALS
700 ## - ADDED ENTRY--PERSONAL NAME
Personal name Bowersox, Donald J
700 ## - ADDED ENTRY--PERSONAL NAME
Personal name Closs, David J
995 ## - RECOMMENDATION 995 [LOCAL, UNIMARC FRANCE]
-- 0.00
-- CBU-MAIN LIBRARY (Kitwe)
-- 1
-- 23.95
-- AVAILABLE
-- Main Library Open Access Collection
Holdings
Withdrawn status Lost status Source of classification or shelving scheme Damaged status Not for loan Home library Current library Shelving location Date acquired Total Checkouts Full call number Barcode Date last seen Price effective from Koha item type
          CBU-MAIN LIBRARY, KITWE. CBU-MAIN LIBRARY, KITWE.   11/30/2022   HF 5415.7 Bow 000104 11/30/2022 11/30/2022 MONOGRAPH